Principes généraux des différentes techniques d’élastographie utilisables en hépatologie (notice n° 1614973)

détails MARC
000 -LEADER
fixed length control field 02067cam a2200301 4500500
005 - DATE AND TIME OF LATEST TRANSACTION
control field 20260111072550.0
041 ## - LANGUAGE CODE
Language code of text/sound track or separate title fre
042 ## - AUTHENTICATION CODE
Authentication code dc
100 10 - MAIN ENTRY--PERSONAL NAME
Personal name Zougmoré, Honoré T.
Relator term author
245 00 - TITLE STATEMENT
Title Principes généraux des différentes techniques d’élastographie utilisables en hépatologie
260 ## - PUBLICATION, DISTRIBUTION, ETC.
Date of publication, distribution, etc. 2026.<br/>
500 ## - GENERAL NOTE
General note 9
520 ## - SUMMARY, ETC.
Summary, etc. Les techniques d’élastographie par ultrasons et par résonance magnétique sont des méthodes fiables et reproductibles d’évaluation non invasives de la fibrose hépatique. Elles évaluent les propriétés mécaniques des tissus telles que l’élasticité, qui décrit la résistance à la déformation d’un tissu face à une contrainte appliquée. Si l’élastographie transitoire par ultrasons demeure la technique la plus validée, l’élastographie par résonance magnétique présente quant à elle permet de mesurer la rigidité du foie sur une plus grande surface.
520 ## - SUMMARY, ETC.
Summary, etc. Ultrasound and magnetic resonance elastography techniques are reliable, reproducible methods for non-invasive assessment of liver fibrosis. They assess the mechanical properties of tissues, such as elasticity, which describes a tissue’s resistance to deformation in the face of applied stress. While transient ultrasound elastography remains the most validated technique, magnetic resonance elastography can be used to measure liver stiffness over a larger surface area
690 ## - LOCAL SUBJECT ADDED ENTRY--TOPICAL TERM (OCLC, RLIN)
Topical term or geographic name as entry element élastographie
690 ## - LOCAL SUBJECT ADDED ENTRY--TOPICAL TERM (OCLC, RLIN)
Topical term or geographic name as entry element fibrose hépatique
690 ## - LOCAL SUBJECT ADDED ENTRY--TOPICAL TERM (OCLC, RLIN)
Topical term or geographic name as entry element test non invasif
690 ## - LOCAL SUBJECT ADDED ENTRY--TOPICAL TERM (OCLC, RLIN)
Topical term or geographic name as entry element elastography
690 ## - LOCAL SUBJECT ADDED ENTRY--TOPICAL TERM (OCLC, RLIN)
Topical term or geographic name as entry element liver fibrosis
690 ## - LOCAL SUBJECT ADDED ENTRY--TOPICAL TERM (OCLC, RLIN)
Topical term or geographic name as entry element non-invasive test
700 10 - ADDED ENTRY--PERSONAL NAME
Personal name Abergel, Armand
Relator term author
700 10 - ADDED ENTRY--PERSONAL NAME
Personal name Kazerouni, Firouze
Relator term author
700 10 - ADDED ENTRY--PERSONAL NAME
Personal name Nguyen-Khac, Éric
Relator term author
700 10 - ADDED ENTRY--PERSONAL NAME
Personal name de Lédinghen, Victor
Relator term author
700 10 - ADDED ENTRY--PERSONAL NAME
Personal name Cadranel, Jean-François
Relator term author
786 0# - DATA SOURCE ENTRY
Note Hépato-Gastro & Oncologie Digestive | 32 | 10 | 2026-01-05 | p. 1026-1030 | 2115-3310
856 41 - ELECTRONIC LOCATION AND ACCESS
Uniform Resource Identifier <a href="https://stm.cairn.info/revue-hepato-gastro-oncologie-digestive-2025-10-page-1026?lang=fr&redirect-ssocas=7080">https://stm.cairn.info/revue-hepato-gastro-oncologie-digestive-2025-10-page-1026?lang=fr&redirect-ssocas=7080</a>

Pas d'exemplaire disponible.

PLUDOC

PLUDOC est la plateforme unique et centralisée de gestion des bibliothèques physiques et numériques de Guinée administré par le CEDUST. Elle est la plus grande base de données de ressources documentaires pour les Étudiants, Enseignants chercheurs et Chercheurs de Guinée.

Adresse

627 919 101/664 919 101

25 boulevard du commerce
Kaloum, Conakry, Guinée

Réseaux sociaux

Powered by Netsen Group @ 2025